| 000 | 00911nam a2200229Ia 4500 | ||
|---|---|---|---|
| 008 | 0000002003 usa 0000000000eng00 | ||
| 090 | _aPSP00 B64j | ||
| 100 | 1 |
_aBoldó, Jordi _d1949 |
|
| 245 | 1 | 0 |
_aJordi Boldó _b: correspondences = correspondencias _c/ fotografía Julián Boldó |
| 300 |
_a[48] p. _c/ 11 cm. |
||
| 500 | _aExposición realizada en Pesqueira Gallery, Miami, 2003 \ Con el patronazgo del maestro venezolano Jesús Rafael Soto (q.e.p.d.) \ Registro auspiciado por el IDCT. Bogotá | ||
| 600 | 0 | 0 |
_aBOLDO, JORDI, 1949/ _xTRABAJOS PICTORICOS |
| 650 | 1 | 4 | _aARTE CONTEMPORANEO ESPAÑOL |
| 650 | 1 | 4 | _xCATALOGOS |
| 650 | 1 | 4 | _xEXPOSICIONES |
| 650 | 1 | 4 | _aPINTORES ESPAÑOLES |
| 650 | 1 | 4 | _aPINTURA ABSTRACTA ESPAÑOLA |
| 650 | 1 | 4 | _aPINTURA ESPAÑOLA |
| 700 | 1 | _aBoldó, Julián | |
| 999 |
_c2810 _d2810 |
||
| 260 |
_aMiami : Pesqueira Gallery _c2003 |
||